[Event "ROM-ch U12 Girls"]
[Site "Baile Felix"]
[Date "2017.02.04"]
[Round "3"]
[White "Enachi, Alisa Francesca"]
[Black "Kiss, Alexandra Maria"]
[Result "1-0"]
[WhiteElo "1193"]
[BlackElo "1448"]
[PlyCount "99"]
[EventDate "2017.02.02"]
[EventType "swiss"]
[EventRounds "9"]
[EventCountry "ROU"]
[SourceTitle "CBM 176 Extra"]
[Source "ChessBase"]
[SourceDate "2017.03.02"]
[SourceVersion "1"]
[SourceVersionDate "2017.03.02"]
[SourceQuality "1"]

1. e4 c5 2. Nf3 Nc6 3. Bb5 g6 4. 0-0 Bg7 5. c3 e6 6. d4 cxd4 7. cxd4 Nge7 8. Nc3 0-0 9. Bf4 a6 10. Ba4 d5 11. e5 Bd7 12. Qd2 Nf5 13. Rad1 Rc8 14. Bxc6 Bxc6 15. Bg5 Qb6 16. g4 Nxd4 17. Qxd4 Qxb2 18. Nxd5 Qxd4 19. Ne7+ Kh8 20. Nxd4 Ba4 21. Nxc8 Bxd1 22. Rxd1 Rxc8 23. Bf6 Bxf6 24. exf6 Rd8 25. Rd2 h6 26. Nf3 Rxd2 27. Nxd2 b5 28. Kf1 Kg8 29. Ke2 Kf8 30. Kd3 Ke8 31. Kd4 Kd7 32. Kc5 Kc7 33. Ne4 e5 34. Nd6 Kd7 35. Nxf7 Ke6 36. Nxe5 Kxf6 37. Nd7+ Kg5 38. Ne5 Kf4 39. Nxg6+ Kxg4 40. Kb6 Kh3 41. Kxa6 Kxh2 42. Kxb5 Kh3 43. a4 Kg4 44. a5 Kg5 45. a6 Kxg6 46. a7 h5 47. a8Q h4 48. Qh1 Kg5 49. Kc4 Kg4 50. Kd3 1-0

[Event "ROM-ch U12 Girls"]
[Site "Calimanesti Caciulata"]
[Date "2016.04.22"]
[Round "6"]
[White "Kiss, Alexandra Maria"]
[Black "Obada, Ema"]
[Result "0-1"]
[WhiteElo "1327"]
[BlackElo "1607"]
[PlyCount "36"]
[EventDate "2016.04.18"]
[EventType "swiss"]
[EventRounds "9"]
[EventCountry "ROU"]
[SourceTitle "CBM 172 Extra"]
[Source "ChessBase"]
[SourceDate "2016.06.21"]
[SourceVersion "1"]
[SourceVersionDate "2016.06.21"]
[SourceQuality "1"]

1. c4 e5 2. Nc3 Nc6 3. g3 g6 4. Bg2 Bg7 5. e3 d6 6. Nge2 h5 7. 0-0 h4 8. d4 hxg3 9. fxg3 Nf6 10. b3 Bd7 11. Bb2 Ng4 12. Qd3 Nxh2 13. Rf2 Ng4 14. Rff1 Qg5 15. Bc1 Qh5 16. Rd1 f5 17. d5 Nb4 18. Qd2 Bh6 0-1

[Event "ROM-ch U12 Girls"]
[Site "Calimanesti Caciulata"]
[Date "2016.04.21"]
[Round "4"]
[White "Kiss, Alexandra Maria"]
[Black "Iarca, Irina Maria"]
[Result "1/2-1/2"]
[WhiteElo "1327"]
[BlackElo "1170"]
[PlyCount "43"]
[EventDate "2016.04.18"]
[EventType "swiss"]
[EventRounds "9"]
[EventCountry "ROU"]
[SourceTitle "CBM 172 Extra"]
[Source "ChessBase"]
[SourceDate "2016.06.21"]
[SourceVersion "1"]
[SourceVersionDate "2016.06.21"]
[SourceQuality "1"]

1. e4 e5 2. Nf3 Nc6 3. Bb5 Nge7 4. c3 d6 5. d4 Bd7 6. Nbd2 a6 7. Bxc6 Nxc6 8. h3 Be7 9. Nf1 h6 10. Ng3 Bg5 11. 0-0 Bxc1 12. Rxc1 Ne7 13. dxe5 dxe5 14. Nxe5 Be6 15. a3 0-0 16. Qxd8 Raxd8 17. Rcd1 Bb3 18. Rd7 Nc6 19. Rxd8 Rxd8 20. Nxc6 bxc6 21. Re1 Rd2 22. Re2 1/2-1/2

[Event "ROM-ch U10 Girls"]
[Site "Calimanesti"]
[Date "2015.04.03"]
[Round "6"]
[White "Popa, Roxana Maria"]
[Black "Kiss, Alexandra Maria"]
[Result "0-1"]
[WhiteElo "1299"]
[BlackElo "1139"]
[PlyCount "104"]
[EventDate "2015.03.30"]
[EventType "swiss"]
[EventRounds "9"]
[EventCountry "ROU"]
[SourceTitle "CBM 165 Extra"]
[Source "ChessBase"]
[SourceDate "2015.04.21"]
[SourceVersion "1"]
[SourceVersionDate "2015.04.21"]
[SourceQuality "1"]

1. e4 c5 2. Nf3 Nc6 3. Bc4 g6 4. Nc3 Bg7 5. d3 e6 6. Bf4 Nge7 7. 0-0 0-0 8. Qd2 a6 9. a4 d5 10. Bb3 f6 11. h3 f5 12. exf5 Nxf5 13. Rfe1 Re8 14. Re2 Bd7 15. Rae1 Nfd4 16. Nxd4 Nxd4 17. Re3 Nxb3 18. cxb3 d4 19. Rf3 dxc3 20. bxc3 Bc6 21. Rfe3 Qd5 22. Rg3 Qxb3 23. c4 Bc3 24. Qe3 Bxe1 25. Qxe1 Qxa4 26. Qe5 Qa5 27. Bh6 Re7 28. Qf6 Qc7 29. h4 Rf7 30. Qxe6 Qd7 31. Qe5 Qe7 32. Qc3 Qf6 33. Qd2 a5 34. h5 a4 35. hxg6 hxg6 36. Qc2 Re8 37. d4 Be4 38. Qd2 a3 39. f3 Bb1 40. Qc1 a2 41. Qa3 Qa6 42. Qxa6 bxa6 43. dxc5 a1Q 44. Kh2 Re1 45. Rh3 Bf5 46. Rh4 Rh1+ 47. Kg3 Rxh4 48. Kxh4 Be6 49. c6 Qf6+ 50. Bg5 Qe5 51. g3 Rh7+ 52. Bh6 Rxh6# 0-1

[Event "ROM-ch U10 Girls"]
[Site "Calimanesti"]
[Date "2014.04.11"]
[Round "7"]
[White "Ionita, Carmen Nicola"]
[Black "Kiss, Alexandra Maria"]
[Result "1/2-1/2"]
[WhiteElo "1049"]
[BlackElo "1048"]
[PlyCount "37"]
[EventDate "2014.04.06"]
[EventType "swiss"]
[EventRounds "9"]
[EventCountry "ROU"]
[SourceTitle "CBM 160 Extra"]
[Source "ChessBase"]
[SourceDate "2014.07.01"]
[SourceVersion "1"]
[SourceVersionDate "2014.07.01"]
[SourceQuality "1"]

1. e4 c5 2. b4 cxb4 3. a3 e6 4. axb4 Bxb4 5. c3 Ba5 6. d4 d5 7. e5 f6 8. Nf3 Nc6 9. Bf4 h6 10. Qc2 Qe7 11. Bb5 Bc7 12. 0-0 f5 13. Nbd2 g5 14. Bg3 f4 15. Qg6+ Qf7 16. Qc2 fxg3 17. fxg3 Qh7 18. Bd3 Qg7 19. Bg6+ 1/2-1/2

[Event "ROM-ch U10 Girls"]
[Site "Calimanesti"]
[Date "2014.04.10"]
[Round "6"]
[White "Kiss, Alexandra Maria"]
[Black "Marina, Raluca Ioana"]
[Result "1/2-1/2"]
[WhiteElo "1048"]
[BlackElo "1124"]
[PlyCount "53"]
[EventDate "2014.04.06"]
[EventType "swiss"]
[EventRounds "9"]
[EventCountry "ROU"]
[SourceTitle "CBM 160 Extra"]
[Source "ChessBase"]
[SourceDate "2014.07.01"]
[SourceVersion "1"]
[SourceVersionDate "2014.07.01"]
[SourceQuality "1"]

1. e4 c5 2. Nf3 Nc6 3. d4 cxd4 4. Nxd4 g6 5. Nc3 Bg7 6. Be3 Nf6 7. Bc4 d6 8. h3 0-0 9. Bb3 Nxd4 10. Bxd4 Bd7 11. e5 dxe5 12. Bxe5 Bc6 13. 0-0 Qxd1 14. Rfxd1 Rad8 15. Bxf6 Bxf6 16. a4 Rxd1+ 17. Rxd1 Bxc3 18. bxc3 e6 19. f4 Bd5 20. Bxd5 exd5 21. Rxd5 Rc8 22. Rd7 Rxc3 23. Rxb7 Rxc2 24. Rb8+ Kg7 25. Ra8 Rc4 26. Rxa7 Rxf4 27. g4 1/2-1/2

[Event "ROM-ch U08 Girls"]
[Site "Calimanesti"]
[Date "2013.04.04"]
[Round "4"]
[White "Kiss, Alexandra Maria"]
[Black "Angheluta, Diana"]
[Result "0-1"]
[WhiteElo "1022"]
[BlackElo "1021"]
[PlyCount "76"]
[EventDate "2013.04.02"]
[EventType "swiss"]
[EventRounds "9"]
[EventCountry "ROU"]
[SourceTitle "CBM 153 Extra"]
[Source "ChessBase"]
[SourceDate "2013.04.22"]
[SourceVersion "1"]
[SourceVersionDate "2013.04.22"]
[SourceQuality "1"]

1. e4 e5 2. Nf3 Nc6 3. Bc4 Nf6 4. Ng5 d5 5. exd5 Nxd5 6. d3 h6 7. Ne4 Be7 8. 0-0 0-0 9. Bxd5 Qxd5 10. Nbc3 Qd8 11. Ne2 Bg4 12. c3 Bf5 13. N2g3 Bh7 14. Be3 Bh4 15. Qf3 Qxd3 16. Qg4 Bxg3 17. hxg3 Qxe4 18. Qxe4 Bxe4 19. Bc5 Rfd8 20. f3 Bh7 21. Rfe1 f6 22. Rec1 Rd5 23. Be3 Rad8 24. c4 Rd3 25. Bc5 b6 26. Bf2 Rd2 27. Rab1 Bxb1 28. Rxb1 Rd1+ 29. Rxd1 Rxd1+ 30. Kh2 Rd2 31. Be3 Rxb2 32. a3 Rb3 33. Bc1 Rc3 34. Bb2 Rxc4 35. f4 exf4 36. gxf4 Rxf4 37. g3 Rf2+ 38. Kh3 Rxb2 0-1